000
00290nam a22001337a 4500
008
170717b xxu||||| |||| 00| 0 eng d
020
_a
9780813343358
041
_a
eng
080
_a
2
100
_a
24
101
_a
TEO
245
_a
ISLAM AND HUMAN RIGHTS
_c
MAYER, A.E
942
_2
udc
_c
BK
999
_c
21407
_d
21407